In the Graveyard of Empires (Record no. 533646)
[ view plain ]
| 000 -LEADER | |
|---|---|
| fixed length control field | 00259nam a22001217a 4500 |
| 020 ## - INTERNATIONAL STANDARD BOOK NUMBER | |
| International Standard Book Number | 978-0393338515 |
| 040 ## - CATALOGING SOURCE | |
| Transcribing agency | dlc |
| 082 ## - DEWEY DECIMAL CLASSIFICATION NUMBER | |
| Classification number | 958.1047 |
| 100 ## - MAIN ENTRY--PERSONAL NAME | |
| Personal name | Seth G. Jones |
| 9 (RLIN) | 27600 |
| 245 ## - TITLE STATEMENT | |
| Title | In the Graveyard of Empires |
| 300 ## - PHYSICAL DESCRIPTION | |
| Extent | 430p |
| 942 ## - ADDED ENTRY ELEMENTS (KOHA) | |
| Source of classification or shelving scheme | |
| Koha item type | Book |
| Withdrawn status | Lost status | Source of classification or shelving scheme | Damaged status | Not for loan | Permanent Location | Current Location | Date acquired | Total Checkouts | Full call number | Barcode | Checked out | Date last seen | Date last checked out | Price effective from | Koha item type |
|---|---|---|---|---|---|---|---|---|---|---|---|---|---|---|---|
| School of Civil and Environmental Engineering (SCEE) | School of Civil and Environmental Engineering (SCEE) | 01/15/2020 | 1 | 958.1047 | NIT-9242 | 03/01/2025 | 01/30/2025 | 01/30/2025 | 01/15/2020 | Book |
